| 000 | 00720nam a2200241Ia 4500 | ||
|---|---|---|---|
| 003 | OSt | ||
| 005 | 20220925225018.0 | ||
| 006 | a|||||r|||| 00| 0 | ||
| 007 | ta | ||
| 008 | 220923b |||||||| |||| 00| 0 eng d | ||
| 037 | _cGeneral Book | ||
| 040 |
_aRTL _cRTL _beng |
||
| 041 |
_2eng _aeng |
||
| 082 | _aRv5, N8 | ||
| 100 |
_aVasseleu Cathryn _9288872 |
||
| 245 | 0 |
_aTextures of light _b Vision and touch in Irigaray L |
|
| 260 |
_aLondon _bRoutledge U. K. _c1998 |
||
| 300 |
_a157p. Bibliography p.142-51 _ccm. |
||
| 490 | _aWarwick Studies in European Philosophy | ||
| 650 |
_aPhilosophy-European _9287698 |
||
| 942 |
_hRv5, N8 _cGB _2CC |
||
| 999 |
_c582766 _d582766 |
||